| 000 | 00461nam a2200157Ia 4500 | ||
|---|---|---|---|
| 008 | 170221s9999 xx 000 0 und d | ||
| 100 | _aKoblowe Obono | ||
| 245 | _aMobile Phone Usage and Consumption Motivations in Ota, Nigeria | ||
| 245 | _cKoblowe Obono | ||
| 260 | _bOnline Journal of Communication and Media Technologies | ||
| 260 | _c2015 | ||
| 300 | _a35 : 3 | ||
| 650 | _xCommunication | ||
| 650 | _xMedia Arts | ||
| 856 | _uhttp://www.ojcmt.net/ | ||
| 999 |
_c310648 _d310648 |
||